000 00302nam a22001217a 4500
008 170607b xxu||||| |||| 00| 0 eng d
041 _aeng
080 _a32
100 _a18
101 _aSHP
245 _aAGAINTS ALL OODS RURAL COMMUNITY IN THE INFORMANATION AGE
_cALLEN.J.C
942 _2udc
_cBK
999 _c16229
_d16229